Virtual charades 2 - Statistics

General Stats
  • This quiz has been taken 7 times
  • The average score is 2 of 15
Answer Stats
Picture Answer % Correct
Falling
71%
Clapping
57%
Juggling
29%
Tug of war
29%
Crying
14%
Holding a dog
14%
Applying makeup
0%
Dog sledding
0%
Eating McDonald’s
0%
Fire eating
0%
Highland dancing
0%
Rappelling
0%
Roasting marshmallows
0%
Unicycling
0%
Walking a dog
0%
No matching quizzes found
Score Distribution
Percent of People with Each Score
Percentile by Number Answered
Your Score History
You have not taken this quiz